01763cam a22003857a 4500003000500000005001700005008004100022010001000063011001000073035001000083040000900093090001000102100003600112245012300148260004100271300004900312502013300361590003700494590004100531590004100572590004100613590004200654650003700696650003200733901000700765905002000772942000900792949005500801949005500856949004200911999001700953952014000970952014001110952012701250CHAP20220329141956.0981103d1998 mx b r 00110 spa d a76555 a77527 a87135 cCHAP aTesis00aGuzmán Soria, Eugenio.95202013aLa frambuesa roja (Rubus idaeus L.) una opción para el mercado nacional e internacionalc/por Eugenio Guzmán Soria aChapingo, Méx. :bEl autor,c1998. a105 h. :bgráfs. ; mapas ; cuadros ; anexo aTesis (Lic. en Comercio Internacional de Productos Agropecuarios) -- UACH. División de Ciencias Económicas y Administrativas aALEPHb10c20130110lUCH01h1425 aBATCH-UPDb10c20130110lUCH01h0545 aBATCH-UPDb10c20130410lUCH01h0227 aBATCH-UPDb10c20130914lUCH01h1435 aCONVERSIONb10c20130109lUCH01h134214aFrambuesaxExportación.94287514aFrambuesaxMercadeo.942884 aBK aSusana Ojeda T. cFOLL bBCcTESd33724000590618eTS2fc.3h33020i87135si bBCcTESd33724000590626eTS2fc.2h33019i87135si bBCcTESd871351eTS1h33018i87135sb c76555d76555 00102local4053708TESISaBCbBCcPA_TESISd2019-12-31fTESISl0oTesisp33724000590618r2019-12-31 00:00:00tc.3w2019-12-31yTESIS 00102local4053708TESISaBCbBCcPA_TESISd2019-12-31fTESISl0oTesisp33724000590626r2019-12-31 00:00:00tc.2w2019-12-31yTESIS 00102local4051708TESISaBCbBCcPA_TESISd2019-12-31fTESISl0oTesisp871351r2019-12-31 00:00:00w2019-12-31yTESIS